Высшая математика. Линейная и векторная алгебра. Аналитическая геометрия. Линейное программирование: учебное пособие

Bibliografiske detaljer
Institution som forfatter: Национальный минерально-сырьевой университет "Горный"
Andre forfattere: Господариков А. П. Александр Петрович, Лебедев И. А. Игорь Алексеевич, Ивакин В. В. Валерий Васильевич, Зацепин М. А. Михаил Александрович
Summary:В учебном пособии изложены понятия линейной алгебры и векторной алгебры, аналитической геометрии и линейного программирования, а также методы решения задач в этих разделах курса высшей математики. Учебное пособие предназначено для бакалавров экономических специальностей. Его цель - помочь студенту при самостоятельном изучении материала и выполнении контрольных работ.
Sprog:russisk
Udgivet: Санкт-Петербург, Изд-во НМСУ, 2013
Fag:
Format: MixedMaterials Bog
KOHA link:https://koha.lib.tpu.ru/cgi-bin/koha/opac-detail.pl?biblionumber=277810

MARC

LEADER 00000nam0a2200000 4500
001 277810
005 20231101235042.0
010 |a 9785942115500 
035 |a (RuTPU)RU\TPU\book\301087 
090 |a 277810 
100 |a 20141206d2013 m y0rusy50 ca 
101 0 |a rus 
102 |a RU 
105 |a a j 001zy 
200 1 |a Высшая математика. Линейная и векторная алгебра. Аналитическая геометрия. Линейное программирование  |e учебное пособие  |f А. П. Господариков [и др.]  |g Национальный минерально-сырьевой университет "Горный" 
210 |a Санкт-Петербург  |c Изд-во НМСУ  |d 2013 
215 |a 75 с.  |c ил. 
320 |a Библиогр.: с. 73. 
330 |a В учебном пособии изложены понятия линейной алгебры и векторной алгебры, аналитической геометрии и линейного программирования, а также методы решения задач в этих разделах курса высшей математики. Учебное пособие предназначено для бакалавров экономических специальностей. Его цель - помочь студенту при самостоятельном изучении материала и выполнении контрольных работ. 
606 1 |a Математика высшая  |2 stltpush  |3 (RuTPU)RU\TPU\subj\3986  |9 32308 
610 1 |a учебные пособия 
610 1 |a линейная алгебра 
610 1 |a векторная алгебра 
610 1 |a аналитическая геометрия 
610 1 |a линейное программирование 
610 1 |a контрольные работы 
675 |a 51(075.8)  |v 3 
701 1 |a Господариков  |b А. П.  |g Александр Петрович 
701 1 |a Лебедев  |b И. А.  |g Игорь Алексеевич 
701 1 |a Ивакин  |b В. В.  |g Валерий Васильевич 
701 1 |a Зацепин  |b М. А.  |g Михаил Александрович 
712 0 2 |a Национальный минерально-сырьевой университет "Горный"  |c Санкт-Петербург  |2 stltpush  |3 (RuTPU)RU\TPU\col\18181 
801 1 |a RU  |b 63413507  |c 20141206 
801 2 |a RU  |b 63413507  |c 20141212  |g RCR 
900 |a Высшая математика 
900 |a Линейная алгебра и аналитическая геометрия 
942 |c BK